LIBRARY & INFORMATION CENTRE, KCAET, TAVANUR

ONLINE PUBLIC ACCESS CATALOGUE (OPAC)

Surveying Vol-1 / (Record no. 11038)

MARC details
000 -LEADER
fixed length control field 00465cam a2200193ua 4500
003 - CONTROL NUMBER IDENTIFIER
control field OSt
008 - FIXED-LENGTH DATA ELEMENTS--GENERAL INFORMATION
fixed length control field 250502b |||||||| |||| 00| 0 eng d
041 ## - LANGUAGE CODE
Language code of text/sound track or separate title eng
082 ## - DEWEY DECIMAL CLASSIFICATION NUMBER
Classification number 624.1517
Item number PUN/SU
100 ## - MAIN ENTRY--AUTHOR NAME
Personal name Punmia, B C.
245 ## - TITLE STATEMENT
Title Surveying Vol-1 /
250 ## - EDITION STATEMENT
Edition statement 12 /
260 ## - PUBLICATION, DISTRIBUTION, ETC. (IMPRINT)
Place of publication New Delhi :
Name of publisher Laxmi publications ,
Year of publication 1993.
300 ## - PHYSICAL DESCRIPTION
Number of Pages 639 ; .
500 ## - GENERAL NOTE
General note * CSS
700 1# - ADDED ENTRY--PERSONAL NAME
Personal name Arun Kumar, Jain.
700 1# - ADDED ENTRY--PERSONAL NAME
Personal name Ashok Kumar, Jain.
942 ## - ADDED ENTRY ELEMENTS (KOHA)
Koha item type Books
Holdings
Withdrawn status Lost status Damaged status Home library Current library Date acquired Full call number Accession Number Koha item type Shelving location
      KAUAET KAUAET 07/04/2012 624.1517 PUN/SU 21478 Books  
      KAUAET KAUAET 07/04/2012 624.1517 PUN/SU 21479 Books  
      KAUAET KAUAET 07/04/2012 624.1517 PUN/SU 21477 Books Binding Shelf
      KAUAET KAUAET 07/04/2012 624.1517 PUN/SU 22040 Books  
      KAUAET KAUAET 14/02/2013 624.1517 PUN/SU 18126 Book Bank scheme for SC students Scheme
      KAUAET KAUAET 14/02/2013 624.1517 PUN/SU 18127 Book Bank scheme for SC students Scheme
      KAUAET KAUAET 14/02/2013 624.1517 PUN/SU 18128 Book Bank scheme for SC students Scheme
      KAUAET KAUAET 14/02/2013 624.1517 PUN/SU 18129 Book Bank scheme for SC students Scheme
      KAUAET KAUAET 14/02/2013 624.1517 PUN/SU 18130 Book Bank scheme for SC students Scheme
free website counter